000 00277nam a22001217a 4500
003 OSt
008 250210b |||||||| |||| 00| 0 eng d
041 _aeng
082 _a630
100 _aSahay, Jagadishwar
_96933
245 _aElements of Agricultural Engineering
942 _cBK
999 _c19341
_d19341